000 00598nam a22001937a 4500
999 _c7127
_d7127
003 AR-CdUCM
008 190320b ||||| |||| 00| 0 spa d
040 _aMUNICIPALIDAD PROVINCIAL DEL CUSCO
_cBIBLIOTECA MUNICIPAL DEL CUSCO
082 _23ed.
_a869.56 /
_bES78
100 _aEscribano, Pedro
_920094
245 _aManuscrito del viento /
260 _aLima :
_bLluvia editores,
_c1986.
300 _a[s.n] ;
_c16.5 cm.
650 _aPoesía peruana - Siglo XX
_914083
650 _aPoetas peruanos
_91611
650 _aPedro Escribano - Poemas
_920095
942 _2ddc
_cLIBROS
945 _alccs